Flaggen der Regionen der Slowakei - Kraj Slovensky - Statistiken

Allgemein
  • Dieses Quiz wurde 37 mal gespielt
  • Das Durchschnittsergebnis liegt bei 4 aus 8
Antwortstatistiken
Bildquiz Antwort % Korrekt
Region Bratislava - Bratislavský kraj - Pressburg
96%
Region Košice - Košický kraj - Kaschau
58%
Region Žilina - Žilinský kraj - Sillein
54%
Region Trnava - Trnavský kraj - Tyrnau
50%
Region Trenčin - Trenčiansky kraj - Trentschin
46%
Region Prešov - Prešovský kraj - Eperies
42%
Region Banska Bystrica - Banskobystrický kraj - Neusohl
38%
Region Nitra - Nitriansky kraj - Neutra
35%
Keine übereinstimmenden Quizze gefunden
Verteilung der Resultate
Anzahl Personen mit jedem Resultat
Perzentil nach korrekt beantworteten Fragen
Ihre Resultats-Entwicklung
Sie haben dieses Quiz noch nicht gespielt